Electron physics: The physics of the free electron (Record no. 23512)

MARC details
000 -LEADER
fixed length control field 00287nam a2200109Ia 4500
082 ## - DEWEY DECIMAL CLASSIFICATION NUMBER
Classification number 537.533
Item number KLE
100 ## - MAIN ENTRY--AUTHOR NAME
Personal name Klemperer, O
245 #0 - TITLE STATEMENT
Title Electron physics: The physics of the free electron
260 ## - PUBLICATION, DISTRIBUTION, ETC. (IMPRINT)
Place of publication London
Name of publisher ELBS
Year of publication 1972
942 ## - ADDED ENTRY ELEMENTS (KOHA)
Koha item type Books
Holdings
Withdrawn status Lost status Damaged status Not for loan Home library Current library Date acquired Cost, normal purchase price Full call number Accession Number Koha item type
        RRII Library RRII Library 16/12/2021 1.90 537.533 KLE 04210 Books